|
|
|
|
| LEADER |
00789nam a2200181Ia 4500 |
| 001 |
CTU_142639 |
| 008 |
210402s9999 xx 000 0 und d |
| 082 |
|
|
|a 577.6
|
| 082 |
|
|
|b R178
|
| 245 |
|
0 |
|a Priorities and institutional mechanisms for wetland protection and wise use in South-east Asia :
|
| 245 |
|
0 |
|b proceedings of the Ramsar South-east Asia Regional Workshop, Bogor, Republic of Indonesia, 29th March-1st April 1994
|
| 245 |
|
0 |
|c Edited by R. D’Cruz & B. O’Callaghan.
|
| 260 |
|
|
|a [Gland, Switzerland],[Kuala Lumpur, Malaysia]
|
| 260 |
|
|
|b Ramsar Bureau,Asian Wetland Bureau
|
| 260 |
|
|
|c 1994,1994
|
| 650 |
|
|
|a Wetland conservation,Wetland ecology,Bảo tồn đất ngập nước
|
| 904 |
|
|
|i Năm
|
| 980 |
|
|
|a Trung tâm Học liệu Trường Đại học Cần Thơ
|